000
00255nam a22001097a 4500
082
_a
621.389324 SYK'J
100
_a
GHAFFER, ABDUL SHIEKH
_9
75187
245
_a
MODERN TAP RECORDER GUIDE
260
_a
LAHORE
_b
HAMDARD
_c
1984
300
_a
128P
942
_c
BK
999
_c
580655
_d
580655